LEADER 01078nam a2200241 i 4500 001 000000233176 003 CaOOAMICUS 005 20140916000000.0 008 140916s2006 it u000 u ita u 013 $a212079 040 $aSeMil$bita 245 10$aS. Maria delle Grazie ed il Cenacolo Vinciano /$cP. Angelo M. Caccin o.p. 250 $a7. ed. italiana ampliata, riveduta e corretta. 260 $aMilano :$bEdizioni «Le Grazie»,$cstampa 2006. 300 $a1 v. senza paginazione :$bill. ;$c24 cm. 500 $aCon dedica autografa. 650 4$aMilano - Chiese - Santa Maria delle Grazie.$0(OLS)http://semarc/subject/46308 650 4$aLeonardo : da Vinci <1452-1519> - Dipinti murali . Cenacolo.$0(OLS)http://semarc/subject/37941 850 $aSeMil 852 $aSeMil$W1$xVenegono$y1$m3O III 49$j183522$B183522$CSeMilBibl$Z2$F194987 $81 961 $aLascito: Serenthà don Mario 996 $6245$aS. Maria delle Grazie ed il Cenacolo Vinciano$9(OLS)http://semarc/title/332752 996 $6260$aMilano :$bEdizioni «Le Grazie»$9(OLS)http://semarc/publisher/48286 LEADER 00608nam a2200181 i 4500 001 000000122768 003 CaOOAMICUS 005 20251210142503.0 008 040210s1928 gw u000 u ger u 013 $a95463 040 $aSeMil$bita 245 10$a1. Teil. 300 $aVI, 610 p. 773 0 $aStrack, Hermann Leberecht <1848-1922>$tExkurse zu einzelnen Stellen des Neuen Testaments.$dMünchen : Beck, 1928.$g1$w()10994 850 $aSeMil 852 $aSeMil$W1$xVenegono$y1$m2VV III 9$j269643$B77678$CSeMilBibl$Z2$F79722 $81 996 $6245$a1. Teil$9(OLS)http://semarc/title/95899